Účtovanie odvodov špecifických skupín zamestnancov v roku 2017
Pokračovanie príspevku z predchádzajúceho čísla. Špecifické skupiny zamestnancov v pracovnom pomere vzniknutom na základe pracovnej zmluvy podľa zákonníka práce
Na minha lista:
| Autor principal: | |
|---|---|
| Formato: | Capítulo de Livro |
| Idioma: | eslovaco |
| Assuntos: | |
| Tags: |
Sem tags, seja o primeiro a adicionar uma tag!
|
MARC
| LEADER | 00000naa a2200000 4500 | ||
|---|---|---|---|
| 001 | 0229483 | ||
| 005 | 20240502073757.8 | ||
| 041 | 0 | |a slo | |
| 044 | |a SK | ||
| 245 | 1 | 0 | |a Účtovanie odvodov špecifických skupín zamestnancov v roku 2017 |c Renáta Pakšiová |
| 520 | |a Pokračovanie príspevku z predchádzajúceho čísla. Špecifické skupiny zamestnancov v pracovnom pomere vzniknutom na základe pracovnej zmluvy podľa zákonníka práce | ||
| 610 | 2 | 0 | |a účtovanie |
| 610 | 2 | 0 | |a odvody |
| 610 | 2 | 0 | |a zmluvy pracovné |
| 610 | 2 | 0 | |a zákonník práce |
| 610 | 2 | 0 | |a zamestnanci |
| 610 | 2 | 0 | |a Slovensko |
| 100 | 1 | |a Pakšiová, Renáta, 1974- | |